000 00465nam a22002057a 4500
999 _c479896
_d479896
003 ASAB
005 20180926065828.0
008 151105t xxu||||| |||| 00| 0 eng d
020 _a969-35-1205-7
038 _aASAB
040 _cASAB
082 _aFic
100 _aAshfaq ahmad
_91358
210 _2janbajang
245 _aJang Bjung
246 _aJang Bajang
260 _aLahore
_bSang e Meel publications
_c2006
300 _a302 P
942 _2ddc
_cBK